dinosaur quiz - Statistics

General Stats
  • This quiz has been taken 45 times
    36 since last reset
  • The average score is 7 of 13
Answer Stats
Hint Answer % Correct
three horned dinosaur triceratops
100%
dinosaur with club tail ankylosaurus
75%
what does the word dinosaur mean terrible lizard
75%
study of dinosaurs paleontology
71%
biggest carnivore spinosaurus
68%
biggest herbivore argentinosaurus
64%
other era jurassic
57%
era dinosaurs lived in triassic
57%
other era cretaceous
54%
smallest dinosaur compsognathus
43%
asteroid that killed the dinosaurs chicxulub
11%
dinosaur nicknamed godzilla dakosaurus
4%
only dinosaur fossil found in wales pantydraco
0%
No matching quizzes found
Score Distribution
Percent of People with Each Score
Percentile by Number Answered
Your Score History
You have not taken this quiz since the last reset